000 00997cam a2200289 a 4500
001 000020138
005 20200929170302.0
008 770715s1957 sp 001 fbspa d
040 _aDO-SdBNP
_bspa
_cDLC
_dBNPHU
082 _a863.62
_bS583d, 1957
100 1 _aSilió y Cortés, César,
_d1865-1944
_942734
245 1 0 _aDon Álvaro de Luna /
_cCésar Silió.
246 4 _aDon Álvaro de Luna y su tiempo
250 _a5a ed.
260 _aMadrid :
_bEspasa-Calpe ,
_c1957.
300 _a232 p. ;
_c18 cm.
490 1 _aAustral. Anaranjada: biografías y vidas novelescas
_v64
500 _aIncluye índice de autores.
650 4 _aNovela española
_91123
650 4 _aLiteratura española
_9632
600 1 4 _aLUNA, ALVARO DE,
_d1388-1453
_942143
651 4 _aCastilla (España{Rpara}
_xHistoria
_yJOHN II, 1406-1454
_942144
740 0 _aDon Álvaro de Luna y su tiempo
830 0 _aAustral.
_pAnaranjada: bíografias y vidas novelescas;
_v64
_93058
910 _aWM
049 _aBNGR
999 _c19646
_d19646